[Event "Pfalz-ch Seniors 75th"]
[White "Schaefer, Waldemar"]
[Black "Paulsen, Eckart"]
[Site "Kaiserslautern"]
[Round "6"]
[Result "1/2-1/2"]
[Date "2006.04.14"]
[WhiteElo "1521"]
[BlackElo "1669"]
[PlyCount "139"]
[EventDate "2006.04.07"]
[EventType "swiss"]
[EventRounds "7"]
[EventCountry "GER"]
[SourceTitle "EXT 2007"]
[Source "ChessBase"]
[SourceDate "2006.11.23"]
[SourceVersion "1"]
[SourceVersionDate "2006.11.23"]
[SourceQuality "1"]

1. e4 e6 2. d4 d5 3. e5 c5 4. c3 Nc6 5. Bb5 Bd7 6. Nf3 Nxe5 7. Be2 Nxf3+ 8. Bxf3 Nf6 9. 0-0 Rc8 10. Be3 cxd4 11. Bxd4 Bc5 12. Re1 0-0 13. Be5 Bc6 14. Qd2 Bd6 15. Bg3 Bxg3 16. hxg3 Qb6 17. Na3 Rfd8 18. Nc2 Ne4 19. Bxe4 dxe4 20. Qc1 Bd5 21. Ne3 Rd7 22. b3 Qd8 23. c4 b6 24. Qb2 Bb7 25. Qa3 a6 26. Red1 Rd3 27. Rab1 Rc7 28. Qb2 Rcd7 29. Qa1 h6 30. b4 Bc6 31. a4 b5 32. cxb5 Rxd1+ 33. Rxd1 Rxd1+ 34. Qxd1 Qxd1+ 35. Nxd1 axb5 36. a5 Kf8 37. a6 Ke7 38. a7 Kd7 39. Nc3 Kc7 40. Nxb5+ Kb7 41. Nd6+ Kxa7 42. Nxf7 Kb6 43. Kf1 Kb5 44. Ke2 Kxb4 45. Ke3 Kc5 46. Nh8 Be8 47. Kxe4 Kd6 48. g4 Ke7 49. f4 g6 50. f5 gxf5+ 51. gxf5 Kf6 52. g4 e5 53. Kd5 Ba4 54. Ng6 Bb3+ 55. Ke4 Bc2+ 56. Kf3 Bd1+ 57. Kg3 e4 58. Nf4 Ke5 59. Ng2 Kd4 60. Kf4 Kd3 61. Ne3 Bb3 62. f6 Kd4 63. Nf5+ Kd3 64. Ne3 Bf7 65. Nd1 Kd4 66. Ne3 Kd3 67. Nf5 Be6 68. Ng7 Bf7 69. Nf5 Be6 70. Ne3 1/2-1/2

[Event "Pfalz-ch Seniors 75th"]
[White "Schaefer, Waldemar"]
[Black "Borkenhagen, Bernd"]
[Site "Kaiserslautern"]
[Round "3"]
[Result "1-0"]
[Date "2006.04.09"]
[WhiteElo "1521"]
[BlackElo "1562"]
[PlyCount "129"]
[EventDate "2006.04.07"]
[EventType "swiss"]
[EventRounds "7"]
[EventCountry "GER"]
[SourceTitle "EXT 2007"]
[Source "ChessBase"]
[SourceDate "2006.11.23"]
[SourceVersion "1"]
[SourceVersionDate "2006.11.23"]
[SourceQuality "1"]

1. e4 e5 2. Nf3 d6 3. Bc4 h6 4. h3 Be7 5. d3 Nf6 6. Be3 Nc6 7. a3 a6 8. Nc3 Nb8 9. d4 exd4 10. Bxd4 0-0 11. e5 dxe5 12. Nxe5 Bf5 13. 0-0 Nbd7 14. Nf3 Nh7 15. Ne2 Bg6 16. Nf4 Be4 17. Re1 Bxf3 18. Qxf3 c6 19. Ng6 Bf6 20. Nxf8 Qxf8 21. Rad1 Bxd4 22. Rxd4 Ndf6 23. Red1 Ng5 24. Qf5 Re8 25. Rh4 Nge4 26. Bb3 Nd6 27. Qf4 Re4 28. Qxd6 Qxd6 29. Rxd6 Rxh4 30. Rd8+ Kh7 31. Bxf7 Re4 32. Kf1 Re7 33. Bc4 g5 34. g4 Kg7 35. f3 Rd7 36. Rb8 Nd5 37. Bxd5 cxd5 38. Ke2 Kf7 39. Rh8 Rd6 40. Rh7+ Kg6 41. Rxb7 h5 42. Rb4 hxg4 43. hxg4 Kf6 44. Rd4 Ke5 45. c3 Rb6 46. b4 Rc6 47. Rd3 Rb6 48. Re3+ Kf6 49. Kd3 a5 50. Kd4 axb4 51. cxb4 Rd6 52. b5 Rd8 53. a4 Ra8 54. Kxd5 Rxa4 55. b6 Rb4 56. Kc6 Rc4+ 57. Kb7 Rb4 58. Rc3 Ke5 59. Ka7 Ra4+ 60. Kb8 Kd4 61. Rb3 Kc4 62. Rb1 Kd3 63. b7 Ra3 64. Kc7 Rc3+ 65. Kb6 1-0